000 00979cam a2200289 a 4500
001 000010906
005 20200929162321.0
008 760401s1978 pr a b s001 0 spa
020 _a0847723178
035 _a(DLC) 76011798
040 _aDO-SdBNP
_cDLC
_dDLC
041 1 7 _aspaeng
_2Código de idioma MARC
082 _a597.897295
_bR621a
100 1 _aRivero, Juan A.,
_d1923-
_926299
245 1 4 _aLos anfibios y reptiles de Puerto Rico =
_bThe amphibians and reptiles of Puerto Rico /
_cJuan A. Rivero.
260 _a[Rio Piedras] :
_bUniversidad de Puerto Rico ;
_bEditorial Universitaria,
_c1978.
300 _ax,148 p. :
_bil. ;
_c25 cm.
504 _aBibliografías: p. [131]-148.
650 4 _aReptiles
_926300
650 4 _aPuerto rico
_94907
650 4 _aRanas
_926301
650 4 _aPuerto rico
_94907
650 4 _aAnfibios
_926302
650 4 _aPuerto rico
_94907
740 0 _aAmphibians and reptiles of Puerto Rico.
910 _aCatalogación por copia / LC
999 _c10644
_d10644